[Event "XIX Najdorf Memorial 2019"]
[Site "Warsaw"]
[Date "2019.07.10"]
[Round "5.12"]
[White "Mosesov, Danylo"]
[Black "Gagare, Shardul"]
[Result "1/2-1/2"]
[WhiteElo "2353"]
[BlackElo "2476"]
[Annotator "ChessBase"]
[PlyCount "41"]
[EventDate "2019.07.06"]
[EventType "swiss"]
[EventCountry "POL"]
[SourceTitle "playchess.com"]
[Source "ChessBase"]
[SourceQuality "1"]
[TimeControl "40/5400+30:1800+30"]

1. d4 {[%emt 0:00:00]} Nf6 {[%emt 0:00:12]} 2. c4 {[%emt 0:00:00]} c6 {[%emt 0:03:47]} 3. Nc3 {[%emt 0:00:43]} d5 {[%emt 0:00:08]} 4. Nf3 {[%emt 0:00:03]} e6 {[%emt 0:00:14]} 5. Bg5 {[%emt 0:00:34]} Nbd7 {[%emt 0:00:11]} 6. e3 {[%emt 0:00:18]} Qa5 {[%emt 0:00:13]} 7. Nd2 {[%emt 0:00:33]} Bb4 {[%emt 0:00:16]} 8. Qc2 {[%emt 0:00:30]} O-O {[%emt 0:00:12]} 9. Be2 {[%emt 0:00:10]} dxc4 {[%emt 0:02:07]} 10. Bxf6 {[%emt 0:00:16]} Nxf6 {[%emt 0:00:06]} 11. Nxc4 {[%emt 0:00:10]} Qc7 {[%emt 0:00:10]} 12. O-O {[%emt 0:01:13]} b6 {[%emt 0:00:42]} 13. a3 {[%emt 0:01:41]} Be7 {[%emt 0:00:12]} 14. b4 {[%emt 0:03:08]} Bb7 {[%emt 0:00:30]} 15. Ne5 {[%emt 0:08:27]} Rfc8 {[%emt 0:16:42]} 16. Rfc1 {[%emt 0:08:49]} Bd6 {[%emt 0:14:28]} 17. f4 {[%emt 0:03:43]} Qe7 {[%emt 0:00:28]} 18. Bf3 {[%emt 0:14:53]} Nd5 {[%emt 0:13:02]} 19. Qd2 {[%emt 0:05:56]} f6 {[%emt 0:07:26]} 20. Nc4 {[%emt 0:01:27]} Bc7 {[%emt 0:02:19]} 21. Rab1 {[%emt 0:10:14]} 1/2-1/2

[Event "XIX Najdorf Memorial 2019"]
[Site "Warsaw"]
[Date "2019.07.10"]
[Round "5.13"]
[White "Kowalski, Igor"]
[Black "Abdumalik, Zhansaya"]
[Result "1/2-1/2"]
[WhiteElo "2320"]
[BlackElo "2458"]
[Annotator "TA"]
[PlyCount "168"]
[EventDate "2019.07.06"]
[EventType "swiss"]
[EventCountry "POL"]
[SourceTitle "playchess.com"]
[Source "ChessBase"]
[SourceQuality "1"]

{[%evp 16,167,64,62,68,66,80,80,87,50,106,103,123,118,133,134,144,136,127,149,165,141,181,164,170,151,150,156,161,136,160,123,128,118,122,125,197,24,133,54,72,5,21,23,26,-12,0,0,16,0,0,0,0,0,0,0,0,-17,0,-215,-202,-201,-170,-175,-145,-139,-43,-33,-11,-47,0,0,0,-46,-47,-293,-300,-298,-282,-29963,-29963,-29964,-29963,-29965,-29966,-29964,-29963,-5106,-262,-254,-247,-239,-239,-238,-239,-200,-211,-193,-120,-298,0,0,0,0,0,0,0,0,0,0,0,0,0,0,0,0,0,0,0,0,0,0,0,-8,-8,-8,-8,-57,-8,-8,-8,-8,-8,-8,-8,-8,-8,-8,-8,-16,-8,-8,-8,-8,-8,-8,-8,-8,-8,-8,-8,-8,-8,-8]} 1. d4 Nf6 2. c4 d6 3. Nf3 Nbd7 4. Nc3 e5 5. e4 c6 6. Be2 Be7 7. O-O O-O 8. Qc2 Re8 9. d5 Bf8 {A55: Old Indian Defence with Nf3 and e4} (9... a5 10. Rd1 g6 11. h3 Nh5 12. dxc6 bxc6 13. c5 Qc7 14. cxd6 Bxd6 15. Ng5 Ndf6 16. Bc4 Re7 17. Be3 {1-0 (53) Mekhitarian,K (2562)-Matsuura,E (2460) Sao Paulo 2014}) 10. Ne1 Qc7 11. Be3 a6 $146 {White is better.} ({Predecessor:} 11... Nb6 12. b4 cxd5 13. Nb5 Qd8 14. cxd5 Bg4 15. f3 Rc8 16. Qd1 {0-1 (42) Hanes,M-Stancele,D Romania 1992}) 12. a4 cxd5 (12... a5 $14) 13. cxd5 $16 h5 14. Rc1 Qd8 15. Nd3 g6 16. b4 Ng4 17. Bd2 f5 18. exf5 $1 gxf5 19. h3 Ngf6 20. Nb2 e4 21. Bg5 Re7 22. Qd2 Qe8 23. Bxf6 Nxf6 24. Qg5+ {[%mdl 64] Double Attack} Bg7 25. Nc4 Qd8 (25... Nh7 $16 {might work better.} 26. Qg3 (26. Qxh5 Qxh5 27. Bxh5 Bh6 $16) 26... h4 27. Qxd6 (27. Qxh4 Bf6 $16) 27... Bd7) 26. Ne3 $2 (26. a5 $18) 26... Rc7 (26... Qf8 $11) 27. Na2 (27. Nxf5 $6 Bxf5 28. Qxf5 Qc8 $11) (27. Nb1 $16) 27... Re7 $1 $14 28. Nxf5 ({Better is} 28. Rxc8 $16 Rxc8 29. Nxf5) 28... Bxf5 $11 29. Qxf5 Qe8 30. b5 Re5 31. Qf4 Nxd5 32. Bc4 axb5 33. axb5 Kh7 34. Bxd5 Rxd5 35. Nc3 Re5 36. Rcd1 Qg6 37. Rd5 $2 (37. Nd5 $11) 37... Rc8 $19 38. Rxe5 Bxe5 39. Qxe4 Rxc3 40. Qxb7+ Bg7 (40... Kh6 $17 41. Qd5 Rxh3) 41. b6 $15 Qf5 42. Qe7 (42. Qa8 $5 {[%cal Rb6b7]} Rb3 43. b7 $17) 42... Qe5 43. Qf7 Rc5 44. Rb1 Qe4 45. Qb3 $2 {[#]} (45. Rd1 $15) 45... Rg5 $1 $19 {[%csl Gg5][%cal Re4g2]} 46. g3 Bd4 47. b7 $2 {[#]} (47. Rd1 $19 Rf5 48. Qd3 Bxf2+ 49. Kh2 Qxd3 50. Rxd3) 47... Rxg3+ $1 {[%mdl 576] Deflection} 48. Qxg3 Qxb1+ 49. Kh2 {[#]} Be5 $1 50. f4 Qb2+ 51. Kg1 Bd4+ $2 (51... Qd4+ 52. Kf1 Qc4+ 53. Kg2 Bxf4) 52. Kf1 Qb1+ 53. Ke2 Qc2+ ({Not} 53... Qxb7 54. Qd3+ Kh6 55. Qxd4 $11) 54. Ke1 Bc3+ $1 55. Kf1 Qb1+ 56. Ke2 Qb2+ ({Much less strong is} 56... Qxb7 57. Qxc3 Qg2+ 58. Kd1 $17) ({Black should try} 56... Ba5 $1 $19 {White must now prevent ...Qb2+.} 57. Qg5 (57. Qd3+ Qxd3+ 58. Kxd3 Bc7 $19) 57... Qe4+ 58. Kf1 Qh1+ 59. Ke2 Qh2+ 60. Ke3 Qxh3+ 61. Ke2 Qe6+ 62. Kf2 Bb6+ 63. Kg3 Ba7 64. Qxh5+ Kg7) 57. Kd3 $2 {[#]} (57. Kf1 $17) 57... Bf6 $2 ({Black should play} 57... Qd2+ $1 $19 58. Kc4 d5+ 59. Kc5 Qd4+ 60. Kc6 Qa4+ 61. Kc7 Ba5+ 62. Kb8 Qe8+ 63. Ka7 {[#]} Bc7 $1 {[%mdl 512]}) 58. Qf3 $11 Qb5+ 59. Kc2 $1 {Strongly threatening Qd3+.} Qb2+ 60. Kd1 Qa1+ 61. Kc2 Qa2+ 62. Kd1 Qb1+ 63. Kd2 {Hoping for Qd3+.} Kh6 {Threatens to win with ...Qb5.} 64. Qc6 Qb4+ 65. Kd3 Qd4+ 66. Ke2 Qb2+ 67. Kd3 Qb1+ 68. Kc4 Qf1+ 69. Kd5 Qf3+ 70. Kxd6 Qxf4+ 71. Kd7 $1 Qd4+ 72. Qd6 {The position is equal.} Qxd6+ 73. Kxd6 {[%mdl 4096] Endgame Ke6 would kill now. KB-KPP} Bh4 $1 {[%cal Rh4g3] aiming for ...Bg3+.} 74. Ke6 $132 {[%mdl 2048] White has counterplay} Bg3 75. Kf5 $1 Bb8 (75... Bh2 $5) 76. Ke4 Kg5 {( -> ...Kh4)} 77. Kf3 Kh4 78. Kg2 Bc7 (78... Bf4 $5) 79. Kh1 Kxh3 80. b8=Q Bxb8 81. Kg1 Kg3 82. Kh1 h4 83. Kg1 h3 84. Kh1 h2 {Accuracy: White = 49%, Black = 47%.} 1/2-1/2

[Event "XIX Najdorf Memorial 2019"]
[Site "Warsaw"]
[Date "2019.07.10"]
[Round "5.13"]
[White "Sliwicki, Damian"]
[Black "Klekowski, Maciej"]
[Result "0-1"]
[WhiteElo "2232"]
[BlackElo "2482"]
[Annotator "ChessBase"]
[PlyCount "68"]
[EventDate "2019.07.06"]
[EventType "swiss"]
[EventCountry "POL"]
[SourceTitle "playchess.com"]
[Source "ChessBase"]
[SourceQuality "1"]
[TimeControl "40/5400+30:1800+30"]

1. e4 {[%emt 0:00:00]} c5 {[%emt 0:03:41]} 2. Nf3 {[%emt 0:00:00]} e6 {[%emt 0:00:09]} 3. c4 {[%emt 0:00:00]} Nc6 {[%emt 0:00:13]} 4. Nc3 {[%emt 0:00:00]} Nf6 {[%emt 0:01:40]} 5. Be2 {[%emt 0:00:00]} d5 {[%emt 0:07:55]} 6. exd5 {[%emt 0:02:08]} exd5 {[%emt 0:00:49]} 7. d4 {[%emt 0:00:05]} cxd4 {[%emt 0:03:35]} 8. Nxd4 {[%emt 0:03:39]} dxc4 {[%emt 0:00:16]} 9. Ndb5 {[%emt 0:01:01]} a6 {[%emt 0:02:33]} 10. Qxd8+ {[%emt 0:11:02]} Kxd8 {[%emt 0:00:18]} 11. Na3 {[%emt 0:04:01]} b5 {[%emt 0:00:10]} 12. Bg5 {[%emt 0:05:02]} Be6 {[%emt 0:03:23]} 13. Bf3 {[%emt 0:08:12]} Kc7 {[%emt 0:01:24]} 14. Bf4+ {[%emt 0:07:33]} Kb6 {[%emt 0:01:23]} 15. Nc2 {[%emt 0:05:48]} Rd8 {[%emt 0:04:14]} 16. O-O {[%emt 0:04:54]} Bc5 {[%emt 0:07:27]} 17. a4 {[%emt 0:07:06]} Nd5 {[%emt 0:01:49]} 18. a5+ {[%emt 0:08:29]} Kb7 {[%emt 0:03:22]} 19. Bxd5 {[%emt 0:04:14]} Bxd5 {[%emt 0:00:04]} 20. Rfd1 {[%emt 0:06:57]} Be6 {[%emt 0:00:57]} 21. Ne4 {[%emt 0:00:10]} Be7 {[%emt 0:00:19]} 22. Nd6+ {[%emt 0:02:18]} Bxd6 {[%emt 0:00:05]} 23. Rxd6 {[%emt 0:00:54]} Rxd6 {[%emt 0:00:06]} 24. Bxd6 {[%emt 0:00:03]} Rd8 {[%emt 0:00:07]} 25. Bf4 {[%emt 0:00:08]} Nxa5 {[%emt 0:00:16]} 26. h3 {[%emt 0:02:40]} Nb3 {[%emt 0:00:07]} 27. Re1 {[%emt 0:00:08]} a5 {[%emt 0:00:09]} 28. Re5 {[%emt 0:00:30]} Rd1+ {[%emt 0:01:01]} 29. Kh2 {[%emt 0:00:04]} Kc6 {[%emt 0:00:23]} 30. Rh5 {[%emt 0:02:56]} h6 {[%emt 0:00:04]} 31. Be5 {[%emt 0:00:10]} Rd5 {[%emt 0:00:37]} 32. Ne3 {[%emt 0:01:28]} Rc5 {[%emt 0:00:04]} 33. f4 {[%emt 0:00:04]} f6 {[%emt 0:00:05]} 34. f5 {[%emt 0:01:05]} Rxe5 {[%emt 0:00:07]} 0-1

[Event "XIX Najdorf Memorial 2019"]
[Site "Warsaw"]
[Date "2019.07.10"]
[Round "5.14"]
[White "Galperin, Platon"]
[Black "Dzida, Kamil"]
[Result "1-0"]
[WhiteElo "2445"]
[BlackElo "1987"]
[Annotator "NA RC"]
[PlyCount "83"]
[EventDate "2019.07.06"]
[EventType "swiss"]
[EventCountry "POL"]
[SourceTitle "playchess.com"]
[Source "ChessBase"]
[SourceQuality "1"]
[TimeControl "40/5400+30:1800+30"]

1. c4 {[%emt 0:00:00]} Nf6 {[%emt 0:00:00]} 2. Nc3 {[%emt 0:00:00]} e5 {[%emt 0:00:49]} 3. Nf3 {[%emt 0:00:39]} Nc6 {[%emt 0:00:34]} 4. e3 {[%emt 0:01:11]} Bb4 {[%emt 0:01:53]} 5. Qc2 {[%emt 0:00:03]} O-O {[%emt 0:00:50]} 6. Nd5 {[%emt 0:00:43]} Be7 {[%emt 0:00:30]} 7. a3 {[%emt 0:01:24]} d6 {[%emt 0:01:55]} 8. Be2 {[%emt 0:04:34]} Re8 {[%emt 0:05:14]} 9. Nxe7+ {[%emt 0:02:05]} Qxe7 {[%emt 0:01:50]} 10. d3 {[%emt 0:00:08]} a5 {[%emt 0:02:49]} 11. b3 {[%emt 0:00:15]} Nd8 {[%emt 0:06:34]} 12. Bb2 {[%emt 0:00:10]} c5 {[%emt 0:00:08]} 13. O-O {[%emt 0:00:11]} Nc6 {[%emt 0:01:32]} 14. Rfe1 {[%emt 0:00:52]} Bg4 {[%emt 0:04:34]} 15. h3 {[%emt 0:01:54]} Bh5 {[%emt 0:01:33]} 16. Qd2 {[%emt 0:01:26]} Rad8 {[%emt 0:13:44]} 17. Rac1 {[%emt 0:01:31]} d5 {[%emt 0:04:30]} 18. cxd5 {[%emt 0:00:07]} Rxd5 {[%emt 0:01:01]} 19. Qc2 {[%emt 0:00:49]} b6 {[%emt 0:00:06]} 20. Qc4 {[%emt 0:09:24]} Rd6 {[%emt 0:07:25]} 21. Qb5 {[%emt 0:06:12]} Nd7 {[%emt 0:05:19]} 22. g3 {[%emt 0:10:54]} Rd8 {[%emt 0:14:01]} 23. Kg2 {[%emt 0:04:10]} Qe8 {[%emt 0:06:57]} 24. g4 {[%emt 0:09:58]} Bg6 {[%emt 0:00:04]} 25. Nh4 {[%emt 0:00:02]} Qe7 {[%emt 0:05:15]} 26. Nxg6 {[%emt 0:00:11]} Rxg6 {[%emt 0:00:25]} 27. Bf3 {[%emt 0:00:13]} Na7 {[%emt 0:00:47]} 28. Qa6 {[%emt 0:03:48]} Nb8 {[%emt 0:00:46]} 29. Qc4 {[%emt 0:00:02]} Rgd6 {[%emt 0:00:05]} 30. d4 {[%emt 0:07:46]} e4 {[%emt 0:00:24]} 31. Be2 {[%emt 0:00:02]} Nd7 {[%emt 0:01:28]} 32. Qa4 {[%emt 0:02:45]} Qh4 {[%emt 0:01:46]} 33. b4 {[%emt 0:08:15]} Rf6 {[%emt 0:01:56]} 34. Rf1 {[%emt 0:00:03]} Rh6 {[%emt 0:01:08]} 35. Rh1 {[%emt 0:00:01]} Rf6 {[%emt 0:00:04]} 36. Rcf1 {[%emt 0:00:22]} c4 {[%emt 0:01:18]} 37. Qc2 {[%emt 0:08:53]} Re8 {[%emt 0:02:33]} 38. Qxc4 {[%emt 0:00:19]} h5 {[%emt 0:00:15]} 39. Qc7 {[%emt 0:00:58]} Rc8 {[%emt 0:04:52]} 40. Qxd7 {[%emt 0:00:00]} Kh7 {[%emt 0:00:00]} 41. Qd5 {[%emt 0:02:00]} Rg6 {[%emt 0:01:33]} 42. Qxe4 {[%emt 0:03:30]} 1-0

[Event "XIX Najdorf Memorial 2019"]
[Site "Warsaw"]
[Date "2019.07.10"]
[Round "5.14"]
[White "Kopylov, Daniel"]
[Black "Terletsky, Oleg"]
[Result "1/2-1/2"]
[WhiteElo "2209"]
[BlackElo "2408"]
[Annotator "RC"]
[PlyCount "155"]
[EventDate "2019.07.06"]
[EventType "swiss"]
[EventCountry "POL"]
[SourceTitle "playchess.com"]
[Source "ChessBase"]
[SourceQuality "1"]
[TimeControl "40/5400+30:1800+30"]

1. e4 {[%emt 0:00:00]} e5 {[%emt 0:00:00]} 2. Nf3 {[%emt 0:00:00]} Nc6 {[%emt 0:00:00]} 3. Nc3 {[%emt 0:00:21]} Nf6 {[%emt 0:00:00]} 4. d4 {[%emt 0:00:44]} exd4 {[%emt 0:00:00]} 5. Nxd4 {[%emt 0:00:08]} Bb4 {[%emt 0:00:01]} 6. Nxc6 {[%emt 0:00:27]} bxc6 {[%emt 0:00:05]} 7. Bd3 {[%emt 0:00:31]} O-O {[%emt 0:00:49]} 8. O-O {[%emt 0:00:32]} d5 {[%emt 0:00:08]} 9. exd5 {[%emt 0:00:21]} cxd5 {[%emt 0:00:04]} 10. Bg5 {[%emt 0:01:35]} c6 {[%emt 0:00:05]} 11. Qf3 {[%emt 0:01:35]} h6 {[%emt 0:00:07]} 12. Bxf6 {[%emt 0:00:57]} Qxf6 {[%emt 0:00:07]} 13. Qxf6 {[%emt 0:00:29]} gxf6 {[%emt 0:00:02]} 14. Ne2 {[%emt 0:03:30]} Bc5 {[%emt 0:00:06]} 15. Ng3 {[%emt 0:11:17]} Rb8 {[%emt 0:00:06]} 16. b3 {[%emt 0:04:25]} Re8 {[%emt 0:07:38]} 17. Rfe1 {[%emt 0:08:44]} Re5 {[%emt 0:00:13]} 18. c3 {[%emt 0:08:31]} Bd7 {[%emt 0:05:39]} 19. Kf1 {[%emt 0:12:03]} Rbe8 {[%emt 0:01:29]} 20. Bf5 {[%emt 0:07:02]} Be6 {[%emt 0:03:46]} 21. Bd3 {[%emt 0:09:51]} Bd6 {[%emt 0:14:47]} 22. Nf5 {[%emt 0:06:17]} Bxf5 {[%emt 0:09:44]} 23. Bxf5 {[%emt 0:00:11]} R8e7 {[%emt 0:00:51]} 24. Bd3 {[%emt 0:03:59]} Ba3 {[%emt 0:00:52]} 25. Rab1 {[%emt 0:03:02]} a5 {[%emt 0:01:45]} 26. Re2 {[%emt 0:00:48]} c5 {[%emt 0:06:41]} 27. Rbe1 {[%emt 0:06:28]} d4 {[%emt 0:00:07]} 28. cxd4 {[%emt 0:01:28]} cxd4 {[%emt 0:00:02]} 29. Re4 {[%emt 0:00:35]} Bb4 {[%emt 0:00:09]} 30. R1e2 {[%emt 0:02:05]} Rc7 {[%emt 0:01:02]} 31. g3 {[%emt 0:04:54]} Rc1+ {[%emt 0:00:38]} 32. Kg2 {[%emt 0:00:05]} Bc3 {[%emt 0:03:57]} 33. Rxe5 {[%emt 0:01:39]} fxe5 {[%emt 0:00:01]} 34. Rxe5 {[%emt 0:00:14]} Rd1 {[%emt 0:00:04]} 35. Be2 {[%emt 0:01:45]} Rd2 {[%emt 0:01:39]} 36. Bc4 {[%emt 0:00:30]} Rd1 {[%emt 0:03:09]} 37. Rd5 {[%emt 0:00:43]} Kf8 {[%emt 0:00:59]} 38. h4 {[%emt 0:00:41]} Ke7 {[%emt 0:00:18]} 39. Kf3 {[%emt 0:00:17]} f6 {[%emt 0:01:40]} 40. a4 {[%emt 0:00:00]} Re1 {[%emt 0:00:00]} 41. Rh5 {[%emt 0:10:33]} Bd2 {[%emt 0:01:11]} 42. Be2 {[%emt 0:00:43]} Rb1 {[%emt 0:01:16]} 43. Rb5 {[%emt 0:00:16]} Bb4 {[%emt 0:00:09]} 44. Bc4 {[%emt 0:00:43]} Rb2 {[%emt 0:07:34]} 45. Rb7+ {[%emt 0:01:21]} Ke8 {[%emt 0:00:47]} 46. Rb6 {[%emt 0:00:43]} d3 {[%emt 0:00:59]} 47. Bxd3 {[%emt 0:02:21]} Rxf2+ {[%emt 0:00:48]} 48. Ke4 {[%emt 0:01:39]} Rg2 {[%emt 0:00:18]} 49. Rxf6 {[%emt 0:01:07]} Rxg3 {[%emt 0:01:01]} 50. Rxh6 {[%emt 0:00:21]} Kf7 {[%emt 0:12:59]} 51. Rh7+ {[%emt 0:02:37]} Kf6 {[%emt 0:05:39]} 52. h5 {[%emt 0:00:43]} Rh3 {[%emt 0:00:45]} 53. Bc4 {[%emt 0:01:37]} Kg5 {[%emt 0:01:34]} 54. Bf7 {[%emt 0:02:54]} Rc3 {[%emt 0:00:19]} 55. Be6 {[%emt 0:01:41]} Rc1 {[%emt 0:02:48]} 56. Bc4 {[%emt 0:02:06]} Re1+ {[%emt 0:00:46]} 57. Kd5 {[%emt 0:02:45]} Re7 {[%emt 0:02:37]} 58. Rh8 {[%emt 0:01:22]} Bc3 {[%emt 0:00:07]} 59. Rc8 {[%emt 0:00:04]} Bb4 {[%emt 0:00:31]} 60. Rb8 {[%emt 0:00:30]} Be1 {[%emt 0:01:14]} 61. Rb5 {[%emt 0:00:25]} Kh6 {[%emt 0:04:50]} 62. Kc6 {[%emt 0:00:52]} Rg7 {[%emt 0:00:51]} 63. Bd3 {[%emt 0:01:06]} Rg5 {[%emt 0:01:17]} 64. Bg6 {[%emt 0:00:15]} Rg3 {[%emt 0:00:47]} 65. Kd5 {[%emt 0:01:15]} Re3 {[%emt 0:02:38]} 66. Kd4 {[%emt 0:00:30]} Bf2 {[%emt 0:00:34]} 67. Rxa5 {[%emt 0:02:54]} Rxb3+ {[%emt 0:02:42]} 68. Ke4 {[%emt 0:00:11]} Rb7 {[%emt 0:00:59]} 69. Rf5 {[%emt 0:01:38]} Bh4 {[%emt 0:02:07]} 70. Rf8 {[%emt 0:00:15]} Rb4+ {[%emt 0:01:38]} 71. Kf5 {[%emt 0:00:22]} Rxa4 {[%emt 0:01:12]} 72. Rf7 {[%emt 0:00:54]} Ra5+ {[%emt 0:00:04]} 73. Kf4 {[%emt 0:00:06]} Bg5+ {[%emt 0:00:41]} 74. Kg4 {[%emt 0:00:31]} Ra4+ {[%emt 0:00:15]} 75. Kg3 {[%emt 0:00:10]} Ra3+ {[%emt 0:00:08]} 76. Kf2 {[%emt 0:00:05]} Be3+ {[%emt 0:01:03]} 77. Ke2 {[%emt 0:00:04]} Bd4 {[%emt 0:00:19]} 78. Rh7+ {[%emt 0:00:22]} 1/2-1/2

[Event "XIX Najdorf Memorial 2019"]
[Site "Warsaw"]
[Date "2019.07.10"]
[Round "5.15"]
[White "Krishna Teja, N."]
[Black "Malovanyi, Yulian"]
[Result "1/2-1/2"]
[WhiteElo "2368"]
[BlackElo "2204"]
[Annotator "NA RC"]
[PlyCount "108"]
[EventDate "2019.07.06"]
[EventType "swiss"]
[EventCountry "POL"]
[SourceTitle "playchess.com"]
[Source "ChessBase"]
[SourceQuality "1"]
[TimeControl "40/5400+30:1800+30"]

1. d4 d5 2. c4 Nc6 3. Nf3 Bg4 4. cxd5 Bxf3 5. gxf3 Qxd5 6. e3 e5 7. Nc3 Bb4 8. Bd2 Bxc3 9. bxc3 Nf6 10. Rb1 exd4 11. cxd4 O-O 12. Bg2 Rfe8 13. O-O Rad8 14. Qb3 Qg5 15. f4 Qg6 16. Rfc1 Ne4 17. Qc2 Rxd4 18. Be1 Rd6 19. Rxb7 Rde6 20. Rxc7 Ne7 21. Qa4 Nf5 22. Rc8 Ned6 23. Rxe8+ Rxe8 24. Qc6 h5 25. Rd1 Re6 26. Bb4 Kh7 27. Bxd6 Nh4 28. f5 Nxf5 29. Qf3 Rxd6 30. Rxd6 Nxd6 31. h3 Nf5 32. Qf4 Qe6 33. Be4 g6 34. Bxf5 gxf5 35. a4 Kg6 36. h4 f6 37. Qg3+ Kh6 38. Qc7 Qe4 39. Qf4+ Kg6 40. Kf1 Qd3+ 41. Ke1 Qc3+ 42. Ke2 Qc2+ 43. Kf3 Qd1+ 44. Kg2 Qd5+ 45. Kg3 Qd1 46. Qf3 Qxa4 47. Qa8 Qg4+ 48. Kh2 Qxh4+ 49. Kg1 Qg4+ 50. Kh2 Qc4 51. Qxa7 f4 52. Qe7 f3 53. e4 Qf1 54. Qe8+ Kg7 1/2-1/2

[Event "XIX Najdorf Memorial 2019"]
[Site "Warsaw"]
[Date "2019.07.10"]
[Round "5.15"]
[White "Goslawski, Michal"]
[Black "Socko, Monika"]
[Result "1-0"]
[WhiteElo "2091"]
[BlackElo "2443"]
[Annotator "NA"]
[PlyCount "97"]
[EventDate "2019.07.06"]
[EventType "swiss"]
[EventCountry "POL"]
[SourceTitle "playchess.com"]
[Source "ChessBase"]
[SourceQuality "1"]
[TimeControl "40/5400+30:1800+30"]

1. Nf3 {[%emt 0:00:00]} Nf6 {[%emt 0:00:00]} 2. c4 {[%emt 0:00:00]} g6 {[%emt 0:00:00]} 3. g3 {[%emt 0:00:00]} Bg7 {[%emt 0:00:00]} 4. Bg2 {[%emt 0:00:00]} O-O {[%emt 0:00:06]} 5. O-O {[%emt 0:00:00]} d6 {[%emt 0:00:04]} 6. d4 {[%emt 0:00:00]} Nc6 {[%emt 0:00:07]} 7. Nc3 {[%emt 0:00:21]} Bg4 {[%emt 0:00:38]} 8. d5 {[%emt 0:00:39]} Na5 {[%emt 0:05:29]} 9. Nd2 {[%emt 0:00:10]} c5 {[%emt 0:00:04]} 10. Qc2 {[%emt 0:01:56]} a6 {[%emt 0:06:12]} 11. Re1 {[%emt 0:01:43]} Bd7 {[%emt 0:00:49]} 12. b3 {[%emt 0:00:20]} b5 {[%emt 0:01:16]} 13. Bb2 {[%emt 0:00:14]} Rb8 {[%emt 0:00:49]} 14. Rab1 {[%emt 0:00:05]} Qc7 {[%emt 0:06:33]} 15. Nd1 {[%emt 0:11:02]} bxc4 {[%emt 0:04:15]} 16. bxc4 {[%emt 0:00:12]} Rb4 {[%emt 0:02:58]} 17. Bc3 {[%emt 0:02:36]} Rxb1 {[%emt 0:01:40]} 18. Qxb1 {[%emt 0:00:12]} Ng4 {[%emt 0:02:47]} 19. Bxg7 {[%emt 0:02:45]} Kxg7 {[%emt 0:00:04]} 20. Qc2 {[%emt 0:01:54]} f6 {[%emt 0:03:41]} 21. Nb2 {[%emt 0:03:26]} Rb8 {[%emt 0:03:50]} 22. h3 {[%emt 0:03:50]} Ne5 {[%emt 0:01:18]} 23. f4 {[%emt 0:05:21]} Nf7 {[%emt 0:00:23]} 24. Nd3 {[%emt 0:01:10]} e5 {[%emt 0:09:07]} 25. dxe6 {[%emt 0:00:49]} Bxe6 {[%emt 0:00:03]} 26. Qc3 {[%emt 0:11:00]} Nc6 {[%emt 0:11:04]} 27. Ne4 {[%emt 0:01:27]} Qe7 {[%emt 0:02:53]} 28. g4 {[%emt 0:03:27]} d5 {[%emt 0:11:31]} 29. cxd5 {[%emt 0:00:56]} Bxd5 {[%emt 0:00:01]} 30. Ndxc5 {[%emt 0:06:18]} Bxe4 {[%emt 0:10:13]} 31. Nxe4 {[%emt 0:03:07]} Nb4 {[%emt 0:00:05]} 32. Rd1 {[%emt 0:08:12]} Rd8 {[%emt 0:00:58]} 33. Rxd8 {[%emt 0:01:08]} Nxd8 {[%emt 0:00:01]} 34. g5 {[%emt 0:02:53]} Nd5 {[%emt 0:00:02]} 35. gxf6+ {[%emt 0:02:00]} Nxf6 {[%emt 0:06:59]} 36. Qxf6+ {[%emt 0:00:41]} Qxf6 {[%emt 0:00:04]} 37. Nxf6 {[%emt 0:00:06]} Kxf6 {[%emt 0:00:03]} 38. Bd5 {[%emt 0:00:05]} g5 {[%emt 0:00:40]} 39. fxg5+ {[%emt 0:00:25]} Kxg5 {[%emt 0:00:04]} 40. Kf2 {[%emt 0:00:00]} Kf4 {[%emt 0:00:00]} 41. e4 {[%emt 0:07:32]} a5 {[%emt 0:00:37]} 42. a4 h6 {[%emt 0:00:30]} 43. Kg2 h5 {[%emt 0:00:30]} 44. Kf2 {[%emt 0:01:30]} h4 {[%emt 0:07:14]} 45. Kg2 {[%emt 0:00:34]} Ke3 {[%emt 0:01:40]} 46. e5 {[%emt 0:00:22]} Kd4 {[%emt 0:03:54]} 47. e6 {[%emt 0:00:18]} Nxe6 {[%emt 0:00:03]} 48. Bxe6 {[%emt 0:00:08]} Ke3 {[%emt 0:00:02]} 49. Bg4 {[%emt 0:00:17]} 1-0